[Event "CRO-ch U17"]
[Site "Vinkovci"]
[Date "2017.07.27"]
[Round "5"]
[White "Damjanovic, Stjepan"]
[Black "Petrovic, David"]
[Result "1/2-1/2"]
[WhiteElo "1552"]
[BlackElo "1614"]
[PlyCount "100"]
[EventDate "2017.07.24"]
[EventType "swiss"]
[EventRounds "9"]
[EventCountry "CRO"]
[SourceTitle "EXT 2018"]
[Source "ChessBase"]
[SourceDate "2017.10.13"]
[SourceVersion "1"]
[SourceVersionDate "2017.10.13"]
[SourceQuality "1"]

1. e4 e5 2. Nf3 Nc6 3. Bc4 Bc5 4. Nc3 Nf6 5. d3 d6 6. Bg5 h6 7. Bh4 Nd4 8. Nd5 g5 9. Bg3 Bg4 10. Ne3 Nxf3+ 11. gxf3 Bh5 12. Nf5 Bg6 13. Ne3 c6 14. c3 Qb6 15. Qe2 0-0-0 16. Bb3 Rhe8 17. Nc4 Qa6 18. h4 Nh5 19. hxg5 hxg5 20. 0-0-0 Nf4 21. Bxf4 gxf4 22. d4 exd4 23. cxd4 d5 24. dxc5 dxc4 25. Qxc4 Qa5 26. Rd4 Rxd4 27. Qxd4 Rd8 28. Rh8 Bh5 29. Bd1 f6 30. Qxd8+ Qxd8 31. Rxd8+ Kxd8 32. Kd2 b6 33. cxb6 axb6 34. Kd3 Kc7 35. Kd4 c5+ 36. Kc3 Kc6 37. b4 b5 38. bxc5 Kxc5 39. a3 Be8 40. Be2 Bd7 41. Bf1 Bc8 42. Kd3 Ba6 43. Kc3 Bc8 44. Bd3 Bd7 45. Bc2 Bc6 46. Bb3 Be8 47. Be6 Bc6 48. Kd3 Bb7 49. Bd7 Bc6 50. Bg4 Bb7 1/2-1/2

[Event "CRO-ch U17"]
[Site "Vinkovci"]
[Date "2017.07.24"]
[Round "1"]
[White "Ghersinich, Enrico"]
[Black "Petrovic, David"]
[Result "1-0"]
[WhiteElo "2165"]
[BlackElo "1614"]
[PlyCount "57"]
[EventDate "2017.07.24"]
[EventType "swiss"]
[EventRounds "9"]
[EventCountry "CRO"]
[SourceTitle "EXT 2018"]
[Source "ChessBase"]
[SourceDate "2017.10.13"]
[SourceVersion "1"]
[SourceVersionDate "2017.10.13"]
[SourceQuality "1"]

1. e4 e5 2. Nf3 Nc6 3. d4 exd4 4. Nxd4 Bc5 5. Nb3 Bb6 6. Nc3 Qf6 7. Qe2 Nge7 8. Be3 d6 9. 0-0-0 Be6 10. Nd5 Bxd5 11. exd5 Ne5 12. h3 0-0 13. g4 Rfe8 14. Bg2 N7g6 15. g5 Bxe3+ 16. Qxe3 Qf4 17. Rd4 Nd3+ 18. cxd3 Rxe3 19. Rxf4 Nxf4 20. fxe3 Nxg2 21. e4 Rf8 22. Nd4 c5 23. Nf5 Rd8 24. Rf1 Kf8 25. Rf2 g6 26. Nh6 Nh4 27. Kd2 Rd7 28. Rf4 f6 29. Rxf6+ 1-0

[Event "CRO-ch U17"]
[Site "Krapinske Toplice"]
[Date "2015.07.29"]
[Round "7"]
[White "Petrovic, David"]
[Black "Novosel, Marko"]
[Result "1-0"]
[WhiteElo "1562"]
[BlackElo "1705"]
[PlyCount "77"]
[EventDate "2015.07.25"]
[EventType "swiss"]
[EventRounds "9"]
[EventCountry "CRO"]
[SourceTitle "CBM 167 Extra"]
[Source "ChessBase"]
[SourceDate "2015.09.14"]
[SourceVersion "1"]
[SourceVersionDate "2015.09.14"]
[SourceQuality "1"]

1. e4 c5 2. c3 d6 3. d4 cxd4 4. cxd4 Nf6 5. Nc3 e6 6. Nf3 Be7 7. Be3 0-0 8. Rc1 a6 9. Bd3 Nbd7 10. 0-0 b6 11. e5 Nd5 12. Nxd5 exd5 13. Re1 dxe5 14. dxe5 Nc5 15. Nd4 Bb7 16. Nf5 Bc8 17. Nxe7+ Qxe7 18. Bxc5 bxc5 19. Qc2 Qg5 20. Qxc5 Bh3 21. Bf1 Be6 22. Qd4 Rfd8 23. f4 Qe7 24. b3 h6 25. Rc3 Qa3 26. Rg3 Qf8 27. Bd3 Qe7 28. f5 Qa7 29. Qxa7 Rxa7 30. fxe6 fxe6 31. Rc1 Kf7 32. Rc6 a5 33. Bg6+ Ke7 34. Bf5 g5 35. Rxe6+ Kf7 36. Rxh6 Raa8 37. Rh7+ Kf8 38. Rxg5 d4 39. Be6 1-0

[Event "CRO-ch U17"]
[Site "Krapinske Toplice"]
[Date "2015.07.28"]
[Round "6"]
[White "Skrobar, David"]
[Black "Petrovic, David"]
[Result "1-0"]
[WhiteElo "1634"]
[BlackElo "1562"]
[PlyCount "53"]
[EventDate "2015.07.25"]
[EventType "swiss"]
[EventRounds "9"]
[EventCountry "CRO"]
[SourceTitle "CBM 167 Extra"]
[Source "ChessBase"]
[SourceDate "2015.09.14"]
[SourceVersion "1"]
[SourceVersionDate "2015.09.14"]
[SourceQuality "1"]

1. d4 d5 2. c4 e6 3. Nc3 Nf6 4. Nf3 Nc6 5. Bg5 Be7 6. e3 h6 7. Bh4 0-0 8. Be2 dxc4 9. Bxc4 b6 10. 0-0 Bb7 11. Rc1 Nb4 12. Ne5 Nfd5 13. Bxe7 Qxe7 14. a3 Nxc3 15. Rxc3 Nd5 16. Rc2 Rac8 17. Qd3 Nf6 18. f3 c5 19. Rfc1 cxd4 20. Qxd4 Rfd8 21. Qf4 g5 22. Qg3 Qc5 23. f4 Nh5 24. Qf2 gxf4 25. Nxf7 Rf8 26. Bxe6 fxe3 27. Qe2 1-0

[Event "CRO-ch U17"]
[Site "Krapinske Toplice"]
[Date "2015.07.27"]
[Round "4"]
[White "Petrovic, David"]
[Black "Zadravec, Matija"]
[Result "0-1"]
[WhiteElo "1562"]
[BlackElo "1908"]
[PlyCount "58"]
[EventDate "2015.07.25"]
[EventType "swiss"]
[EventRounds "9"]
[EventCountry "CRO"]
[SourceTitle "CBM 167 Extra"]
[Source "ChessBase"]
[SourceDate "2015.09.14"]
[SourceVersion "1"]
[SourceVersionDate "2015.09.14"]
[SourceQuality "1"]

1. e4 c5 2. c3 e6 3. d4 d5 4. exd5 exd5 5. Nf3 Nc6 6. Be3 Nf6 7. dxc5 Be6 8. Nd4 Qd7 9. Bb5 Ng4 10. 0-0 Nxe3 11. fxe3 Bxc5 12. Nd2 0-0 13. N2f3 Qd6 14. Bd3 h6 15. Bc2 Ne5 16. Nxe5 Qxe5 17. Qd3 g6 18. Rf3 Bd6 19. g3 Bg4 20. Rf2 Rae8 21. Re1 Re7 22. Nf3 Qh5 23. Nh4 Rfe8 24. Qd4 b6 25. b4 Qe5 26. Ref1 Qxd4 27. cxd4 Bxb4 28. Nxg6 fxg6 29. Bxg6 Rd8 0-1

[Event "CRO-ch U15"]
[Site "Kastel Stafilic"]
[Date "2014.06.22"]
[Round "1"]
[White "Petrovic, David"]
[Black "Plenca, Jadranko"]
[Result "0-1"]
[WhiteElo "1542"]
[BlackElo "2208"]
[PlyCount "64"]
[EventDate "2014.06.22"]
[EventType "swiss"]
[EventRounds "9"]
[EventCountry "CRO"]
[SourceTitle "CBM 161 Extra"]
[Source "ChessBase"]
[SourceDate "2014.08.29"]
[SourceVersion "1"]
[SourceVersionDate "2014.08.29"]
[SourceQuality "1"]

1. e4 e5 2. Nf3 Nc6 3. Bc4 Nf6 4. Nc3 Nxe4 5. Bxf7+ Kxf7 6. Nxe4 d5 7. Nc3 Be7 8. d4 exd4 9. Nxd4 Bf6 10. Be3 Nxd4 11. Bxd4 Re8+ 12. Ne2 Bxd4 13. Qxd4 c6 14. Qd3 Qe7 15. Rd1 Kg8 16. Rd2 Qe5 17. 0-0 Bf5 18. Qc3 Qxc3 19. Nxc3 Re7 20. f3 Rae8 21. Kf2 h6 22. a3 a5 23. g4 Bh7 24. a4 Rf8 25. h4 g5 26. hxg5 hxg5 27. Rh1 Bg6 28. Rh3 Rf4 29. b3 Ref7 30. Ne2 Rxg4 31. Ke3 Rg2 32. Nd4 Re7+ 0-1

[Event "CRO-ch U13"]
[Site "Split"]
[Date "2013.06.24"]
[Round "7"]
[White "Petrovic, David"]
[Black "Ghersinich, Enrico"]
[Result "0-1"]
[WhiteElo "1767"]
[BlackElo "1594"]
[PlyCount "70"]
[EventDate "2013.06.21"]
[EventType "swiss"]
[EventRounds "9"]
[EventCountry "CRO"]
[SourceTitle "EXT 2014"]
[Source "ChessBase"]
[SourceDate "2013.11.20"]
[SourceVersion "1"]
[SourceVersionDate "2013.11.20"]
[SourceQuality "1"]

1. e4 c5 2. c3 d5 3. exd5 Qxd5 4. d4 Nc6 5. Bb5 cxd4 6. Bxc6+ Qxc6 7. Qf3 Qxf3 8. Nxf3 dxc3 9. Nxc3 e6 10. Nb5 Kd7 11. Bf4 Bb4+ 12. Ke2 Ne7 13. Ne5+ Kd8 14. Rhd1+ Nd5 15. Nxf7+ Ke7 16. Nxh8 Nxf4+ 17. Kf1 Bd7 18. Nc3 Bxc3 19. bxc3 Rxh8 20. Rd4 Nd5 21. Rad1 Rc8 22. c4 Nb6 23. Rh4 h6 24. Rdd4 Rxc4 25. Rxc4 Bb5 26. g3 Bxc4+ 27. Kg2 Bxa2 28. Rg4 Bd5+ 29. f3 g5 30. h4 Nc4 31. hxg5 Ne3+ 32. Kh3 Nxg4 33. Kxg4 hxg5 34. Kxg5 Bxf3 35. g4 Bxg4 0-1

[Event "Osijek op"]
[Site "Osijek"]
[Date "2010.01.28"]
[Round "6"]
[White "Turkalj, Zvonko"]
[Black "Petrovic, David"]
[Result "1/2-1/2"]
[WhiteElo "1871"]
[BlackElo "1731"]
[PlyCount "29"]
[EventDate "2010.01.23"]
[EventType "swiss"]
[EventRounds "9"]
[EventCountry "CRO"]
[SourceTitle "CBM 134 Extra"]
[Source "ChessBase"]
[SourceDate "2010.03.03"]
[SourceVersion "1"]
[SourceVersionDate "2010.03.03"]
[SourceQuality "1"]

1. e4 c6 2. d4 d5 3. Nc3 dxe4 4. Nxe4 Bf5 5. Ng3 Bg6 6. h4 h6 7. Nf3 Nd7 8. Bd3 Bxd3 9. Qxd3 e6 10. Bf4 Ngf6 11. 0-0-0 Nd5 12. Bd2 Bd6 13. c4 N5f6 14. Kb1 Qc7 15. Ne2 1/2-1/2

[Event "Osijek op 3rd"]
[Site "Osijek"]
[Date "2007.12.16"]
[Round "9.12"]
[White "Grguric, Stjepan Kresimir"]
[Black "Petrovic, David"]
[Result "1-0"]
[WhiteElo "1834"]
[BlackElo "1600"]
[PlyCount "83"]
[EventDate "2007.12.08"]
[EventType "swiss"]
[EventRounds "9"]
[EventCountry "CRO"]
[SourceTitle "CBM 121 Extra"]
[Source "ChessBase"]
[SourceDate "2008.01.10"]
[SourceVersion "1"]
[SourceVersionDate "2008.01.10"]
[SourceQuality "1"]

1. e4 e5 2. Nf3 Nc6 3. Bb5 Nf6 4. 0-0 a6 5. Ba4 b5 6. Bb3 Be7 7. d4 d6 8. h3 0-0 9. c3 exd4 10. cxd4 Nxe4 11. Bd5 Nxf2 12. Rxf2 Bb7 13. Nc3 Bh4 14. Nxh4 Qxh4 15. Be3 Rae8 16. Rf4 Qg3 17. Rf3 Qg6 18. Bf2 Qg5 19. Rg3 Qf4 20. Qh5 Qd2 21. Ne4 Rxe4 22. Bxe4 g6 23. Bxc6 Bxc6 24. Qd1 Qxb2 25. Qc1 Qxc1+ 26. Rxc1 Bd5 27. Ra3 Ra8 28. Rxc7 a5 29. Be1 a4 30. Rd7 Bc4 31. Rxd6 Re8 32. Bh4 Kg7 33. Bf6+ Kh6 34. Be5 f5 35. Re3 Ra8 36. Bf4+ Kh5 37. Rd7 h6 38. a3 b4 39. Rc7 Bd5 40. Rc5 Be4 41. Rxe4 b3 42. Re2 1-0